000 00545nam a2200157Ia 4500
005 20250502105646.0
008 231217s9999 xx 000 0 und d
020 _a9780143064831
082 _a158.1 DKL1;1
100 _aAli, Moi. Boulden, George P. Heller Robert.
245 4 _aThe Winners manual : essentials life and work skills, marketing effectively, communicate clearly
260 _c2008
_bDarling Kindersley
_aLondon
300 _a72
650 _aWinners,essentials,skills,,marketing,effectively,,communicate,clearly
942 _cAA
999 _c183595
_d183595